000 00834nam a2200241 a 4500
999 _c346632
_d346632
003 BLK
005 20240325093138.0
008 191118b bu ||||| |||| 00| 0 bu d
020 _a9789542619048
040 _aBLK
041 _aBUL
_cBUL
080 _aБългарска литература
_b821.163.2
_x-31
_z821.163.2-31
100 _aРайков, Димо Петков
_d1954-
_9292692
139 _aРайков, Димо Петков
_bР 27
245 _aАнхедония : роман
_cДимо Райков
260 _9209439
_aПловдив
_bХермес
_c2019
_f([София] : Алианс принт)
_n978-954-26- ; 978-954-459-
300 _a296 с.
_c21 см
380 _aX
852 _aЦб 297299
_bЦб
942 _2udc
_cKNG
_n0
_s1
_014
999 _d346632
944 _k30529
_lДиана Гривева